Introduction to Islamic civilisation /

محفوظ في:

مؤلفون آخرون: Savory, Roger.

التنسيق: كتاب

اللغة: English

منشور في: Cambridge ; New York : Cambridge University Press, 1976.

الموضوعات:

الوسوم: إضافة وسم

لا توجد وسوم, كن أول من يضع وسما على هذه التسجيلة!

رقم الطلب: DS36.85 .I57 1976

LEADER 00785namaa2200253 4500
001 20630
003 OSt
005 20251124141115.0
008 130303s1976 enka b 001 0 eng d
010 |a 74025662 
020 |a 052109948X 
040 |c ARCE Library 
043 |a aw-----  |a ff----- 
050 4 |a DS36.85 .I57 1976 
245 0 0 |a Introduction to Islamic civilisation /   |c edited by R. M. Savory.  
264 1 |a Cambridge ;  |a New York :  |b Cambridge University Press,  |c 1976. 
300 |a viii, 204 pages :  |b illustrations ;  |c 26 cm. 
504 |a Includes bibliographical references (pages 195-197) and index. 
650 0 |a Civilization, Islamic.  
651 0 |a Middle East  |x Civilization. 
700 1 |a Savory, Roger.  |9 39266 
901 |a reviewed 
942 |c BK  |2 lcc 
999 |c 18226  |d 18226